[Event "DEM U10/U10w 2003"]
[Site "Willingen GER"]
[Date "2003.06.09"]
[Round "4"]
[White "Graf, Felix"]
[Black "Gadschisade, Machmud"]
[Result "1/2-1/2"]
[Termination "normal"]
[Board "1"]
[WhiteElo "1805"]
[BlackElo "1428"]
[PlyCount "76"]
[WhiteFideId "24608904"]
[BlackFideId "4647734"]
[EventCountry "GER"]
[EventRounds "11"]
[EventType "swiss"]
[EventDate "2003.06.07"]

1. d4 Nf6 2. Nf3 g6 3. c4 Bg7 4. Nc3 O-O 5. e3 d6 6. Bd3 Nbd7 7. Qc2 Re8 8. O-O
e5 9. Rd1 Qe7 10. dxe5 Nxe5 11. Nxe5 Qxe5 12. Nd5 Nxd5 13. cxd5 Qe7 14. Bd2 Qd8
15. Bc3 Bg4 16. f3 Bd7 17. e4 Be5 18. Bxe5 Rxe5 19. Rac1 Rc8 20. Qf2 a6 21. Rc3
c6 22. dxc6 Bxc6 23. Bc4 Bb5 24. Bxb5 Rxc3 25. bxc3 Rxb5 26. Qd2 Qb6+ 27. Qd4
Rb1 28. Qxb6 Rxb6 29. Rd2 Kg7 30. Kf2 Kf6 31. Ke3 Ke6 32. Kd4 Rc6 33. Rb2 b5
34. f4 Rc4+ 35. Kd3 d5 36. exd5+ Kxd5 37. Rb4 Rxb4 38. cxb4 f6 1/2-1/2

[Event "DEM U10/U10w 2003"]
[Site "Willingen GER"]
[Date "2003.06.09"]
[Round "4"]
[White "Zelbel, Patrick"]
[Black "Billing, Alexander"]
[Result "1-0"]
[Termination "normal"]
[Board "3"]
[WhiteElo "1595"]
[BlackElo "1333"]
[PlyCount "53"]
[WhiteFideId "24624322"]
[BlackFideId "24624420"]
[EventCountry "GER"]
[EventRounds "11"]
[EventType "swiss"]
[EventDate "2003.06.07"]

1. e4 e6 2. d4 d5 3. Nc3 Bb4 4. a3 Bxc3+ 5. bxc3 dxe4 6. Qg4 Qf6 7. Qxe4 Nc6 8.
Bb5 Nge7 9. Nf3 Bd7 10. Bd2 Qf5 11. Qxf5 Nxf5 12. Bf4 O-O-O 13. a4 a6 14. Bd3
Nfe7 15. Ng5 Be8 16. Ne4 Nd5 17. Bd2 f6 18. Nc5 Bf7 19. O-O a5 20. Rfb1 b6 21.
Ba6+ Kb8 22. Nd3 h5 23. c4 Nde7 24. c3 Bg6 25. c5 Ka7 26. cxb6+ Kxa6 27. Nc5#
1-0

[Event "DEM U10/U10w 2003"]
[Site "Willingen GER"]
[Date "2003.06.09"]
[Round "4"]
[White "Weber, Raphael"]
[Black "Endreß, Anna"]
[Result "1-0"]
[Termination "normal"]
[Board "4"]
[WhiteElo "1250"]
[BlackElo "1573"]
[PlyCount "127"]
[WhiteFideId "24644110"]
[BlackFideId "24629472"]
[EventCountry "GER"]
[EventRounds "11"]
[EventType "swiss"]
[EventDate "2003.06.07"]

1. e4 c5 2. Nf3 a6 3. c4 e6 4. d4 cxd4 5. Nxd4 d6 6. Be3 Nf6 7. Nc3 Be7 8. Rc1
O-O 9. Be2 Nbd7 10. f3 Qc7 11. O-O Ne5 12. b3 Bd7 13. Qd2 Rfd8 14. Rfd1 Rac8
15. Bf1 Nc6 16. Nd5 exd5 17. cxd5 Qb8 18. dxc6 Bxc6 19. Nxc6 Rxc6 20. Rxc6 bxc6
21. Bxa6 Rd7 22. Qe2 Bd8 23. Rc1 Qa8 24. Bd3 Be7 25. Qc2 c5 26. Bb5 Rc7 27. Bf4
Qb8 28. Ba4 Rc8 29. Rd1 Rd8 30. Qc4 Nh5 31. Be3 Nf6 32. Qb5 Qxb5 33. Bxb5 Kf8
34. a4 Ne8 35. a5 Ra8 36. Ra1 Bf6 37. Ra2 Nc7 38. Bc4 Bc3 39. Bd2 Bxd2 40. Rxd2
Rxa5 41. Rxd6 Ra1+ 42. Kf2 Ra2+ 43. Kg3 Ra5 44. Rc6 Ne8 45. Ra6 Rxa6 46. Bxa6
Ke7 47. Kf4 Nc7 48. Bc4 Kf6 49. e5+ Ke7 50. Kf5 Ne6 51. Ke4 Kd7 52. f4 Ke7 53.
g4 Nc7 54. h4 Ke8 55. f5 Ke7 56. Kf4 Ke8 57. e6 fxe6 58. fxe6 Ke7 59. Ke5 g6
60. g5 Ne8 61. Kd5 Nc7+ 62. Kxc5 Nxe6+ 63. Bxe6 Kxe6 64. Kc6 1-0

[Event "DEM U10/U10w 2003"]
[Site "Willingen GER"]
[Date "2003.06.09"]
[Round "4"]
[White "Boos, Philipp"]
[Black "Berchtenbreiter, Maximilian"]
[Result "1-0"]
[Termination "normal"]
[Board "5"]
[WhiteElo "1414"]
[BlackElo "1282"]
[PlyCount "107"]
[BlackFideId "24641120"]
[EventCountry "GER"]
[EventRounds "11"]
[EventType "swiss"]
[EventDate "2003.06.07"]

1. d4 Nf6 2. c4 e6 3. Nc3 Bb4 4. e3 d6 5. g3 Bd7 6. Bg2 Nc6 7. Bd2 O-O 8. Nf3
Ne7 9. O-O c5 10. a3 Bxc3 11. Bxc3 b6 12. dxc5 bxc5 13. Bxf6 gxf6 14. Qxd6 Rc8
15. Rfd1 Ba4 16. Qxd8 Rfxd8 17. Rxd8+ Rxd8 18. b4 cxb4 19. axb4 Bc6 20. Nd4
Bxg2 21. Kxg2 Nc8 22. b5 Kf8 23. Nc6 Rd7 24. c5 Rb7 25. Rb1 Ne7 26. Nxe7 Kxe7
27. b6 axb6 28. cxb6 Kd6 29. Kh3 Kc6 30. Kh4 Rxb6 31. Rxb6+ Kxb6 32. Kh5 Kc5
33. Kh6 Kd5 34. Kxh7 Ke4 35. h4 Kf3 36. h5 Kxf2 37. Kg7 f5 38. Kxf7 e5 39. Kf6
e4 40. Kxf5 Kxe3 41. h6 Kf3 42. h7 e3 43. h8=Q e2 44. Qh1+ Kf2 45. g4 e1=Q 46.
Qxe1+ Kxe1 47. g5 Kd2 48. g6 Ke3 49. g7 Kd4 50. g8=Q Ke3 51. Qc4 Kd2 52. Qb3
Kc1 53. Qa2 Kd1 54. Ke4 1-0

[Event "DEM U10/U10w 2003"]
[Site "Willingen GER"]
[Date "2003.06.09"]
[Round "4"]
[White "Wilke, Friedrich"]
[Black "Wang, Zhangxian"]
[Result "0-1"]
[Termination "normal"]
[Board "6"]
[WhiteElo "1340"]
[BlackElo "1400"]
[PlyCount "120"]
[EventCountry "GER"]
[EventRounds "11"]
[EventType "swiss"]
[EventDate "2003.06.07"]

1. d4 g6 2. Nf3 Bg7 3. g3 d6 4. Bg2 Nc6 5. O-O e5 6. c3 Nh6 7. Bg5 f6 8. Be3
Nf5 9. Nbd2 Nxe3 10. fxe3 f5 11. e4 exd4 12. cxd4 Nxd4 13. Qa4+ Nc6 14. Qb3 Qe7
15. exf5 Bxf5 16. e4 Bd7 17. Nc4 O-O-O 18. e5 d5 19. Ne3 Qc5 20. Ng5 Bh6 21. e6
Bxg5 22. exd7+ Rxd7 23. Kh1 Qxe3 24. Bh3 Qe4+ 25. Qf3 Rf8 26. Qxe4 Rxf1+ 27.
Rxf1 dxe4 28. Rf8+ Bd8 29. Re8 Ne7 30. Kg2 c6 31. Kf2 Kc7 32. Bxd7 Kxd7 33. Rh8
Bb6+ 34. Ke2 h5 35. Rh7 Ke6 36. h3 Bd4 37. b3 b5 38. g4 Nd5 39. gxh5 gxh5 40.
Rh6+ Kd7 41. Rh7+ Kd6 42. Rh6+ Kc7 43. Rh7+ Kb6 44. a3 Bb2 45. a4 bxa4 46. bxa4
Bd4 47. Ke1 Nf6 48. Re7 Ka5 49. Ke2 Kxa4 50. Re6 Kb5 51. Kd2 a5 52. Kc2 c5 53.
Kb3 e3 54. h4 c4+ 55. Ka2 Kb4 56. Kb1 Kc3 57. Kc1 Kd3 58. Kd1 c3 59. Kc1 e2 60.
Re7 Be3+ 0-1

[Event "DEM U10/U10w 2003"]
[Site "Willingen GER"]
[Date "2003.06.09"]
[Round "4"]
[White "Schäfer, Alexander"]
[Black "Lerch, Matthias"]
[Result "1-0"]
[Termination "normal"]
[Board "7"]
[WhiteElo "1646"]
[BlackElo "1150"]
[PlyCount "103"]
[WhiteFideId "24615196"]
[BlackFideId "24662151"]
[EventCountry "GER"]
[EventRounds "11"]
[EventType "swiss"]
[EventDate "2003.06.07"]

1. e4 e6 2. d4 d5 3. e5 c5 4. c3 Nc6 5. Nf3 Qb6 6. a3 cxd4 7. cxd4 Nge7 8. Bd3
Bd7 9. Bc2 Rc8 10. O-O Nf5 11. Bxf5 exf5 12. Nc3 Be6 13. Na4 Qa6 14. b4 b5 15.
Nc5 Bxc5 16. bxc5 O-O 17. Bb2 Qb7 18. Qc2 a6 19. Nh4 Qd7 20. f4 Rfe8 21. Rf3
Ne7 22. Rg3 Rc6 23. Rf1 Ng6 24. Nxg6 fxg6 25. Qe2 Bf7 26. h4 Ree6 27. Rh3 Qe8
28. g4 Qe7 29. Kh1 Be8 30. Rg1 Qf8 31. Qf3 Rc7 32. Kh2 Bc6 33. h5 Qe7 34. Bc3
Rb7 35. h6 gxh6 36. Rxh6 Qf8 37. Rh3 Rg7 38. Qd3 Rf7 39. Rh5 Kh8 40. gxf5 Rxf5
41. Rxf5 Qxf5 42. Qxf5 gxf5 43. Rg5 Bd7 44. Ba5 Rh6+ 45. Kg2 Rg6 46. Bd8 Rg8
47. Bf6+ Rg7 48. Rxg7 h6 49. Rxd7+ Kg8 50. c6 Kf8 51. c7 Ke8 52. c8=Q# 1-0

[Event "DEM U10/U10w 2003"]
[Site "Willingen GER"]
[Date "2003.06.09"]
[Round "4"]
[White "Cornish, Alexander Athony"]
[Black "Jussupow, Alexander"]
[Result "0-1"]
[Termination "normal"]
[Board "8"]
[WhiteElo "1219"]
[BlackElo "1605"]
[PlyCount "88"]
[BlackFideId "24613509"]
[EventCountry "GER"]
[EventRounds "11"]
[EventType "swiss"]
[EventDate "2003.06.07"]

1. e4 c5 2. Nf3 d6 3. d4 cxd4 4. Nxd4 Nf6 5. Nc3 g6 6. Be3 Bg7 7. Qd2 Ng4 8.
Bb5+ Bd7 9. O-O-O Nxe3 10. Qxe3 O-O 11. Bc4 Nc6 12. Nxc6 bxc6 13. Rhe1 a5 14.
Rd3 a4 15. a3 c5 16. Bd5 Rb8 17. Red1 Qb6 18. b3 axb3 19. Bxb3 Bb5 20. Nxb5
Qxb5 21. a4 Qa6 22. Rd5 c4 23. Qe2 Bh6+ 24. Kb1 Qxa4 25. Qxc4 Qxc4 26. R5d3 Qa6
27. Rf3 Ra8 28. c4 Bg7 29. Kc2 Rac8 30. Kd3 Qa3 31. Rb1 Rb8 32. Ke2 Bb2 33. Bc2
Qa2 34. Kd1 Bd4 35. Rxb8 Rxb8 36. Rd3 Rb1+ 37. Bxb1 Qxb1+ 38. Ke2 Qc2+ 39. Rd2
Qxe4+ 40. Kd1 Bc3 41. Rd5 Qxc4 42. Rg5 Qd3+ 43. Kc1 Qd2+ 44. Kb1 Qb2# 0-1

[Event "DEM U10/U10w 2003"]
[Site "Willingen GER"]
[Date "2003.06.09"]
[Round "4"]
[White "Friedrich, Wiede"]
[Black "Blübaum, Johanna"]
[Result "0-1"]
[Termination "normal"]
[Board "9"]
[WhiteElo "1431"]
[BlackElo "1243"]
[PlyCount "52"]
[WhiteFideId "24629537"]
[BlackFideId "24647373"]
[EventCountry "GER"]
[EventRounds "11"]
[EventType "swiss"]
[EventDate "2003.06.07"]

1. e4 e6 2. d4 d5 3. exd5 exd5 4. Bd3 Bd6 5. Nc3 Ne7 6. Bg5 f6 7. Bh4 Bf5 8.
Bxf5 Nxf5 9. Nf3 Qe7+ 10. Qe2 Qxe2+ 11. Nxe2 Nc6 12. O-O-O O-O-O 13. Nc3 Bf4+
14. Kb1 g5 15. Bg3 Bxg3 16. hxg3 g4 17. Nh2 h5 18. Ne2 Rde8 19. Rhe1 Nfxd4 20.
Nxd4 Rxe1 21. Rxe1 Nxd4 22. Rd1 Re8 23. c3 Nc6 24. Rxd5 Re5 25. Rd2 Re1+ 26.
Kc2 Rh1 0-1

[Event "DEM U10/U10w 2003"]
[Site "Willingen GER"]
[Date "2003.06.09"]
[Round "4"]
[White "Kaphle, Sebastian"]
[Black "Osmanodja, Bilgin"]
[Result "0-1"]
[Termination "normal"]
[Board "10"]
[WhiteElo "1201"]
[BlackElo "1330"]
[PlyCount "158"]
[WhiteFideId "24626708"]
[EventCountry "GER"]
[EventRounds "11"]
[EventType "swiss"]
[EventDate "2003.06.07"]

1. e4 c5 2. Nf3 e6 3. d4 cxd4 4. Nxd4 a6 5. Nc3 Qc7 6. Be3 Nf6 7. Bd3 Ba3 8.
Na4 Qa5+ 9. c3 Bd6 10. b4 Qc7 11. Qd2 b5 12. Nb2 Bb7 13. Qc2 O-O 14. h3 Bf4 15.
Nd1 Qe5 16. Nf3 Qc7 17. O-O Bxe3 18. Nxe3 h6 19. Rfe1 Rc8 20. Rac1 d6 21. Nd2
Nbd7 22. a4 bxa4 23. Qxa4 Nb6 24. Qb3 Bc6 25. f3 Na4 26. Rc2 Nb6 27. Ra1 Bb7
28. Nd1 d5 29. exd5 Nbxd5 30. Rac1 Qg3 31. Nf1 Qg5 32. c4 Nf4 33. c5 Bxf3 34.
Bxa6 Bxd1 35. Rxd1 Rxa6 36. Rcd2 N4d5 37. Qb1 Qe5 38. Kh1 Qe4 39. Qxe4 Nxe4 40.
Rb2 Nxb4 41. Rd4 Nxc5 42. Rbxb4 Ra7 43. Rbc4 Rac7 44. Rc3 Nb7 45. Rb3 e5 46.
Rdb4 Nc5 47. Re3 Nd7 48. Nd2 f6 49. Kh2 Rc3 50. Re1 Rb8 51. Rxb8+ Nxb8 52. Rb1
Nc6 53. Re1 Nd4 54. Ne4 Rc6 55. Rf1 Kf7 56. Ng3 Kg6 57. Re1 Kg5 58. Re4 h5 59.
h4+ Kh6 60. Nf1 g5 61. hxg5+ Kxg5 62. Ne3 Re6 63. Nc4 Rc6 64. Ne3 Rc5 65. g4
Nf3+ 66. Kg3 Nd2 67. Rb4 h4+ 68. Kf2 h3 69. Nf5 Rc4 70. Rb2 h2 71. Kg2 Rxg4+
72. Ng3 Rxg3+ 73. Kxh2 Rd3 74. Rb8 e4 75. Re8 e3 76. Kg3 Kf5 77. Re7 Nf1+ 78.
Kf3 Rd2 79. Re8 Rf2# 0-1

[Event "DEM U10/U10w 2003"]
[Site "Willingen GER"]
[Date "2003.06.09"]
[Round "4"]
[White "Lobmeyer, Fabian"]
[Black "Orhan, Eda"]
[Result "1-0"]
[Termination "normal"]
[Board "11"]
[WhiteElo "1316"]
[BlackElo "1222"]
[PlyCount "115"]
[WhiteFideId "24659681"]
[BlackFideId "24659258"]
[EventCountry "GER"]
[EventRounds "11"]
[EventType "swiss"]
[EventDate "2003.06.07"]

1. e4 d5 2. exd5 Qxd5 3. Nc3 Qa5 4. Nf3 Bf5 5. Bc4 Nf6 6. d3 c6 7. Bf4 e6 8. a3
Be7 9. Qd2 O-O 10. O-O Qd8 11. h3 Bg6 12. Rfe1 Nbd7 13. Rad1 b5 14. Ba2 Qb6 15.
Ne5 Nxe5 16. Bxe5 a5 17. a4 Nd5 18. Nxd5 cxd5 19. axb5 Qxb5 20. c3 Rad8 21. d4
Bd6 22. Re3 Bxe5 23. Rxe5 Rb8 24. b3 Qc6 25. Rde1 Rfc8 26. c4 dxc4 27. bxc4 a4
28. d5 exd5 29. Qxd5 Qxd5 30. cxd5 h6 31. d6 Kh7 32. d7 Rc7 33. Re8 Rxd7 34.
Rxb8 Rd2 35. Ree8 Bf5 36. Bxf7 g5 37. Rb7 Kg7 38. Be6+ Kf6 39. Bxf5 Kxf5 40.
Rf7+ Kg6 41. Ree7 a3 42. Rd7 a2 43. Rg7+ Kh5 44. Ra7 Rd1+ 45. Kh2 a1=Q 46. Rxa1
Rxa1 47. g4+ Kh4 48. Rg6 h5 49. Rh6 Rh1+ 50. Kxh1 Kxh3 51. gxh5 Kh4 52. Kh2 g4
53. Rh8 Kg5 54. Kg3 Kf5 55. h6 Kg6 56. Kxg4 Kf6 57. Kh5 Kf7 58. Ra8 1-0

[Event "DEM U10/U10w 2003"]
[Site "Willingen GER"]
[Date "2003.06.09"]
[Round "4"]
[White "Pantusenko, Valeria"]
[Black "Huhnstock, Rico"]
[Result "1/2-1/2"]
[Termination "normal"]
[Board "12"]
[WhiteElo "1170"]
[BlackElo "1311"]
[PlyCount "77"]
[WhiteFideId "4662920"]
[BlackFideId "24642932"]
[EventCountry "GER"]
[EventRounds "11"]
[EventType "swiss"]
[EventDate "2003.06.07"]

1. e4 c5 2. Nf3 d6 3. d4 cxd4 4. Qxd4 Nc6 5. Bb5 Bd7 6. Bxc6 Bxc6 7. Nc3 Nf6 8.
Bg5 Nd7 9. h3 Qb6 10. Qxb6 Nxb6 11. O-O-O g6 12. Nd4 Bg7 13. Ndb5 Kd7 14. Nd5
Nxd5 15. Rxd5 Bxd5 16. exd5 a6 17. Na3 Rac8 18. Re1 Rhe8 19. Re4 b5 20. Kb1 h6
21. Bd2 e6 22. Rf4 f5 23. dxe6+ Rxe6 24. Be3 Re4 25. c3 Rxf4 26. Bxf4 g5 27.
Bh2 Be5 28. g3 Ke7 29. f4 Bf6 30. fxg5 Bxg5 31. Nc2 Rc4 32. Nd4 Kf8 33. Bg1 b4
34. Kc2 bxc3 35. bxc3 Rc5 36. h4 Bxh4 37. gxh4 Rc7 38. Bh2 Rd7 39. Kd3 1/2-1/2

[Event "DEM U10/U10w 2003"]
[Site "Willingen GER"]
[Date "2003.06.09"]
[Round "4"]
[White "Rafayevych, Wilen"]
[Black "Mertens, Fridolin"]
[Result "1/2-1/2"]
[Termination "normal"]
[Board "13"]
[WhiteElo "1301"]
[BlackElo "1205"]
[PlyCount "75"]
[BlackFideId "24671940"]
[EventCountry "GER"]
[EventRounds "11"]
[EventType "swiss"]
[EventDate "2003.06.07"]

1. d4 d5 2. Nf3 Nf6 3. g3 Bg4 4. Bg2 Nc6 5. O-O e6 6. b3 Bd6 7. Bb2 O-O 8. Nbd2
Qe7 9. a3 Rfe8 10. c4 dxc4 11. bxc4 Qd7 12. Re1 e5 13. d5 Na5 14. Qc2 Bf5 15.
e4 Bg6 16. Bc3 b6 17. Qb2 Qe7 18. Nxe5 Bxe5 19. Bxe5 Qxe5 20. Qxe5 Rxe5 21. f4
Ree8 22. e5 Nd7 23. d6 Rac8 24. Bd5 c6 25. Bg2 h6 26. g4 Bh7 27. Re2 Bd3 28.
Re3 Bxc4 29. Rae1 Rcd8 30. f5 Nc5 31. Bxc6 Nxc6 32. Nxc4 Nd4 33. Rd1 Nc6 34.
Rde1 Nd4 35. Rd1 Nc6 36. Rde1 Nd4 37. Rd1 Nc6 38. Rde1 1/2-1/2

[Event "DEM U10/U10w 2003"]
[Site "Willingen GER"]
[Date "2003.06.09"]
[Round "4"]
[White "Miclea, Andrei"]
[Black "Noe, Christopher"]
[Result "1-0"]
[Termination "normal"]
[Board "15"]
[WhiteElo "1286"]
[BlackElo "1165"]
[PlyCount "58"]
[BlackFideId "24692018"]
[EventCountry "GER"]
[EventRounds "11"]
[EventType "swiss"]
[EventDate "2003.06.07"]

1. Nf3 g6 2. c4 Bg7 3. Nc3 Nf6 4. d4 O-O 5. e3 d6 6. Bd2 Bf5 7. Qb3 b6 8. g3
Nc6 9. Bg2 Na5 10. Qb4 c5 11. Qa4 Bd7 12. Qc2 Nxc4 13. O-O Bc6 14. Rad1 Qc7 15.
dxc5 dxc5 16. Ne2 Ne5 17. Nxe5 Bxg2 18. Kxg2 Qxe5 19. Bc3 Qc7 20. Nf4 Qc6+ 21.
Kg1 Rad8 22. a3 Qf3 23. Qe2 Qxe2 24. Nxe2 e6 25. b4 c4 26. b5 Rd5 27. Bb4 Rdd8
28. Be7 Rxd1 29. Rxd1 29... Ng4 {es folgte nun 30.Sb1. 1-0 nach 62 Zuegen.} 1-0

[Event "DEM U10/U10w 2003"]
[Site "Willingen GER"]
[Date "2003.06.09"]
[Round "4"]
[White "Dorn, Carina"]
[Black "Zivkovic, Djordje"]
[Result "1-0"]
[Termination "normal"]
[Board "17"]
[WhiteElo "1124"]
[BlackElo "1259"]
[PlyCount "49"]
[WhiteFideId "24666335"]
[EventCountry "GER"]
[EventRounds "11"]
[EventType "swiss"]
[EventDate "2003.06.07"]

1. d4 e6 2. c4 d5 3. Nc3 Nf6 4. Bg5 dxc4 5. e3 Be7 6. Bxc4 O-O 7. Nf3 Nc6 8.
O-O b6 9. Rc1 Bb7 10. e4 Nd7 11. Bf4 Bb4 12. e5 Bxc3 13. Rxc3 Na5 14. Bd3 c5
15. Qe2 Rc8 16. Rfc1 Bd5 17. b3 Nc6 18. Bxh7+ Kxh7 19. Ng5+ Kg8 20. Qh5 Re8 21.
Qxf7+ Kh8 22. Qh5+ Kg8 23. Qh7+ Kf8 24. Qh8+ Ke7 25. Qxg7# 1-0

[Event "DEM U10/U10w 2003"]
[Site "Willingen GER"]
[Date "2003.06.09"]
[Round "4"]
[White "Rosenburg, Hauke"]
[Black "Wittke, René"]
[Result "0-1"]
[Termination "normal"]
[Board "26"]
[WhiteElo "908"]
[BlackElo "1438"]
[PlyCount "110"]
[BlackFideId "24640255"]
[EventCountry "GER"]
[EventRounds "11"]
[EventType "swiss"]
[EventDate "2003.06.07"]

1. Nf3 Nc6 2. d3 e5 3. a3 d5 4. e3 Be6 5. Bd2 Nf6 6. Be2 Bd6 7. Ng5 h6 8. Nxe6
fxe6 9. Bh5+ Nxh5 10. Qxh5+ Kd7 11. Qf7+ Qe7 12. Qxe7+ Bxe7 13. c3 d4 14. e4
Rad8 15. c4 Kc8 16. a4 Bb4 17. Bxb4 Nxb4 18. Kd2 Rhf8 19. f3 g5 20. h3 h5 21.
Rf1 g4 22. hxg4 hxg4 23. Na3 gxf3 24. Rxf3 Rg8 25. Rg1 Rdf8 26. Rxf8+ Rxf8 27.
Ke2 a6 28. g3 Rg8 29. g4 Kd7 30. Rg3 Na2 31. Kd2 c5 32. Nc2 a5 33. Na1 Rf8 34.
Rg2 Nb4 35. Nb3 b6 36. Rh2 Rf3 37. Nc1 Rf7 38. g5 Kd6 39. g6 Rg7 40. Rg2 Nc6
41. Ne2 Ne7 42. Ng3 Rxg6 43. Ke2 Kd7 44. Kf2 Ng8 45. Nf1 Rxg2+ 46. Kxg2 Nf6 47.
Nd2 Nh5 48. Kf2 Nf4 49. Nf3 Nxd3+ 50. Ke2 Nxb2 51. Nxe5+ Kd6 52. Nf7+ Ke7 53.
Ne5 Nxa4 54. Kd3 Kf6 55. Nd7+ Kg5 0-1

[Event "DEM U10/U10w 2003"]
[Site "Willingen GER"]
[Date "2003.06.09"]
[Round "4"]
[White "Wallenborn, Michael"]
[Black "Salzmann, Tim"]
[Result "1-0"]
[Termination "normal"]
[Board "27"]
[WhiteElo "1243"]
[BlackElo "932"]
[PlyCount "109"]
[EventCountry "GER"]
[EventRounds "11"]
[EventType "swiss"]
[EventDate "2003.06.07"]

1. e4 e6 2. d4 d5 3. exd5 exd5 4. Bd3 g6 5. Nf3 Bg7 6. Bg5 Nf6 7. O-O O-O 8.
Re1 Bg4 9. Nbd2 b6 10. h3 Bxf3 11. Qxf3 Nc6 12. Qg3 Nxd4 13. c3 Ne6 14. Re3
Nxg5 15. Qxg5 Nd7 16. Qxd5 Nf6 17. Qf3 c6 18. Rd1 Rc8 19. Ne4 Qc7 20. Nxf6+
Bxf6 21. Qxf6 Rcd8 22. Re7 Qb8 23. Qxc6 Rd6 24. Qf3 Qd8 25. Rxa7 Qb8 26. Re7
Qd8 27. Rb7 Kh8 28. Rxf7 Rxf7 29. Qxf7 Rf6 30. Qc4 Qf8 31. Qd4 Kg7 32. Bc4 h6
33. Qd7+ Kh8 34. Re1 Qg7 35. Re8+ Kh7 36. Qxg7+ Kxg7 37. Re6 Rf4 38. b3 Rf5 39.
Bd3 Rd5 40. Be4 Rd1+ 41. Kh2 Rd2 42. Rxg6+ Kf7 43. Rxb6 Rxf2 44. a4 Ra2 45. c4
Ke7 46. c5 Kd7 47. Rxh6 Ra3 48. Bd5 Ra2 49. c6+ Kc7 50. Rh7+ Kb8 51. c7+ Kc8
52. Be6+ Kb7 53. c8=Q+ Kb6 54. Rb7+ Ka5 55. Qa8# 1-0

[Event "DEM U10/U10w 2003"]
[Site "Willingen GER"]
[Date "2003.06.09"]
[Round "4"]
[White "Dünzel, Jonas"]
[Black "Sohl, Thies"]
[Result "1/2-1/2"]
[Termination "normal"]
[Board "28"]
[WhiteElo "1230"]
[BlackElo "908"]
[PlyCount "82"]
[WhiteFideId "24631167"]
[EventCountry "GER"]
[EventRounds "11"]
[EventType "swiss"]
[EventDate "2003.06.07"]

1. e4 e6 2. d4 d5 3. exd5 exd5 4. Nf3 c5 5. dxc5 Bxc5 6. Nc3 Nf6 7. Bg5 Be6 8.
Bd3 h6 9. Bh4 O-O 10. O-O Nbd7 11. a3 Qb6 12. Bb5 a6 13. Bxd7 Nxd7 14. b4 Bd6
15. Nxd5 Qc6 16. Ne3 a5 17. b5 Qc7 18. a4 g5 19. Bg3 Bxg3 20. fxg3 Rad8 21. Qe2
Rfe8 22. Qf2 Nc5 23. Rfc1 Qb6 24. Re1 Ne4 25. Qf1 f5 26. Kh1 Nd2 27. Nxd2 Rxd2
28. Nxf5 Rf8 29. Nxh6+ Kg7 30. Qg1 Qxg1+ 31. Kxg1 Kxh6 32. Rxe6+ Kg7 33. Re7+
Kg8 34. Rf1 Rc8 35. Rf2 Rd1+ 36. Rf1 Rd2 37. Rxb7 Rcxc2 38. Rb8+ Kg7 39. Rb1
Rxg2+ 40. Kh1 Rxh2+ 41. Kg1 Rhg2+ 1/2-1/2

[Event "DEM U10/U10w 2003"]
[Site "Willingen GER"]
[Date "2003.06.09"]
[Round "4"]
[White "Stitterich, Nadine"]
[Black "Penner, Markus"]
[Result "1-0"]
[Termination "normal"]
[Board "29"]
[WhiteElo "890"]
[BlackElo "1211"]
[PlyCount "93"]
[WhiteFideId "24676527"]
[EventCountry "GER"]
[EventRounds "11"]
[EventType "swiss"]
[EventDate "2003.06.07"]

1. e4 e5 2. Nf3 Nc6 3. Bb5 a6 4. Ba4 Nf6 5. Nc3 Be7 6. O-O O-O 7. d3 d5 8. d4
Bg4 9. Qd3 Bxf3 10. Qxf3 Nxd4 11. Qd3 dxe4 12. Nxe4 Nxe4 13. Qxe4 Bd6 14. Qxb7
Bc5 15. Qe4 Qf6 16. c3 Ne6 17. Be3 Rab8 18. b4 Bxe3 19. fxe3 Ng5 20. Rxf6 Nxe4
21. Rxa6 Nxc3 22. a3 Rfd8 23. Kf1 Rd3 24. Rc1 Rxe3 25. Rc2 Nd5 26. Ra5 Rd8 27.
Rcc5 Nc3 28. Rxc7 Nb1 29. Rac5 h6 30. Bc2 Nd2+ 31. Kg1 g6 32. b5 Rxa3 33. Rxe5
Rb8 34. Rec5 Kg7 35. Kf2 Ra2 36. Ke3 Nf1+ 37. Kd3 Nxh2 38. Bb3 Rxg2 39. Rxf7+
Kh8 40. Rfc7 g5 41. Rc8+ Rxc8 42. Rxc8+ Kg7 43. b6 Rg3+ 44. Kc4 Nf3 45. Kb4 Nd4
46. Bd5 Nc2+ 47. Rxc2 1-0

[Event "DEM U10/U10w 2003"]
[Site "Willingen GER"]
[Date "2003.06.09"]
[Round "4"]
[White "Begeluri, Nino"]
[Black "Matschewsky, Justus"]
[Result "1-0"]
[Termination "normal"]
[Board "30"]
[WhiteElo "1152"]
[BlackElo "880"]
[PlyCount "139"]
[BlackFideId "24678708"]
[EventCountry "GER"]
[EventRounds "11"]
[EventType "swiss"]
[EventDate "2003.06.07"]

1. e4 c5 2. Nf3 d6 3. Nc3 Nf6 4. d4 cxd4 5. Nxd4 g6 6. b3 Bg7 7. Bb2 Nc6 8. Bb5
Bd7 9. O-O Qb6 10. Bxc6 bxc6 11. Nf3 O-O 12. h3 d5 13. exd5 cxd5 14. Nxd5 Nxd5
15. Bxg7 Kxg7 16. Qxd5 Bf5 17. c4 Rad8 18. Qe5+ Qf6 19. Qxf6+ exf6 20. Rad1
Rfe8 21. Rxd8 Rxd8 22. a4 Rd3 23. Rc1 Rxb3 24. c5 Rb4 25. c6 Rxa4 26. c7 Bc8
27. Kf1 Re4 28. Nd2 Re7 29. f3 Kf8 30. g4 Ke8 31. Ne4 f5 32. gxf5 gxf5 33. Nf6+
Kf8 34. Kf2 Kg7 35. Nh5+ Kg6 36. Nf4+ Kf6 37. Nd5+ Ke6 38. Nxe7 Kxe7 39. Ke3
Kd6 40. Kd4 h6 41. Rc4 a5 42. Kc3 a4 43. Kb4 Kd5 44. Rc1 Kd4 45. Kxa4 Ke3 46.
Ka5 Kxf3 47. Kb6 Kg2 48. Rc6 f4 49. Rxh6 f3 50. Rf6 f2 51. Rxf2+ Kxf2 52. h4
Kg2 53. h5 f5 54. h6 f4 55. h7 f3 56. h8=Q f2 57. Qxc8 f1=Q 58. Qg4+ Kh2 59.
Qh5+ Kg2 60. c8=Q Qb1+ 61. Qb5 Qg6+ 62. Qcc6+ Qxc6+ 63. Qxc6+ Kf2 64. Qe4 Kf1
65. Qc2 Ke1 66. Kc5 Kf1 67. Kd4 Kg1 68. Ke3 Kh1 69. Kf3 Kg1 70. Qg2# 1-0

[Event "DEM U10/U10w 2003"]
[Site "Willingen GER"]
[Date "2003.06.09"]
[Round "4"]
[White "Thiele, Eileen"]
[Black "Rösch, Daniel"]
[Result "0-1"]
[Termination "normal"]
[Board "31"]
[WhiteElo "695"]
[BlackElo "1093"]
[PlyCount "168"]
[EventCountry "GER"]
[EventRounds "11"]
[EventType "swiss"]
[EventDate "2003.06.07"]

1. e4 e5 2. Nf3 Nc6 3. Bc4 Nf6 4. Ng5 d5 5. exd5 b5 6. Bb3 Nd4 7. c3 Nxb3 8.
axb3 Qxd5 9. O-O Bb7 10. Nf3 e4 11. Nd4 Bc5 12. d3 exd3 13. Nf3 O-O 14. Nbd2
Qd6 15. h3 c6 16. b4 Bb6 17. b3 Bc7 18. c4 c5 19. bxc5 Qxc5 20. Bb2 Qd6 21. Qc1
Ne4 22. Nxe4 Bxe4 23. Be5 Qg6 24. Bg3 Bxg3 25. fxg3 Qxg3 26. Qg5 Qxg5 27. Nxg5
Bc6 28. Rfd1 Rad8 29. Rxa7 h6 30. Nf3 Bxf3 31. gxf3 Rfe8 32. Ra2 Kf8 33. Rad2
Re2 34. Rxd3 Rxd3 35. Rxd3 bxc4 36. bxc4 Rc2 37. Rd4 Ke7 38. f4 Ke6 39. h4 Kf5
40. Kf1 Kg4 41. Ke1 Kxh4 42. Kd1 Rf2 43. Ke1 Kg3 44. c5 Rb2 45. Kd1 Kf3 46. Kc1
Re2 47. Rc4 Ke3 48. c6 Kd3 49. Rc5 Re8 50. Kb2 Kd4 51. Rc2 Rc8 52. c7 Kd5 53.
Rd2+ Ke6 54. Rc2 Kd7 55. Rg2 g6 56. Kc3 Rxc7+ 57. Kd4 Ke6 58. Re2+ Kf5 59. Rf2
Re7 60. Rc2 Kxf4 61. Kd3 Rd7+ 62. Kc3 Rc7+ 63. Kd3 Rxc2 64. Kxc2 Kf3 65. Kd1
Kf2 66. Kd2 h5 67. Kd3 h4 68. Ke4 h3 69. Kf4 h2 70. Ke5 h1=Q 71. Kd4 Qf3 72.
Ke5 Qg4 73. Kd5 Qf5+ 74. Kc6 Qe5 75. Kb6 Qc3 76. Kb5 Ke3 77. Kb6 Qc4 78. Kb7
Qc5 79. Ka6 Qb4 80. Ka7 Qb5 81. Ka8 Ke4 82. Ka7 Kd5 83. Ka8 Kc6 84. Ka7 Qb7#
0-1